Statistics for Top 500 Baby Girl Names in the USA for 2015 - Alphabetical

Click here to take the quiz!

General Stats

  • This quiz has been taken 17,290 times
  • The average score is 262 of 500

Answer Stats

Answer % Correct
211AAna
95%
44AAnna
95%
1EEmma
89%
437AAbby
88%
486EElisa
88%
175EEliza
88%
2OOlivia
87%
214AAlivia
87%
432EEmely
86%
8EEmily
86%
4AAva
86%
7AAbigail
85%
94IIsabelle
85%
149IIsabel
85%
206JJessica
84%
124MMary
84%
252JJennifer
84%
84KKatherine
84%
179CCatherine
84%
319KKathryn
84%
13EElizabeth
84%
162SSara
84%
58SSarah
84%
28HHannah
83%
109MMaria
83%
155MMariah
83%
158AAmy
83%
145EEmilia
82%
12AAmelia
82%
32AAlexa
82%
89JJulia
82%
475EEve
81%
5IIsabella
80%
20VVictoria
80%
139LLilly
80%
25LLily
80%
18EElla
80%
453JJulie
80%
19GGrace
80%
234IIzabella
80%
17CChloe
79%
322LLaura
79%
9CCharlotte
79%
167RRachel
79%
100KKhloe
79%
166RRose
78%
288JJane
78%
359AAllyson
78%
338AAlison
78%
39AAllison
78%
75EEva
77%
11MMadison
77%
471MMadisyn
77%
23ZZoey
77%
33ZZoe
77%
310MMaddison
77%
276AAlessandra
76%
201AArya
76%
451AAlejandra
76%
85AAshley
76%
87AAlice
76%
119LLauren
76%
29AAria
76%
101AAlexandra
76%
333CChristina
75%
290AAngel
75%
6MMia
75%
316AAmanda
75%
309KKatie
73%
14SSofia
73%
3SSophia
73%
74BBella
73%
27NNatalie
72%
329LLia
72%
421LLeia
72%
279HHaley
72%
36LLeah
72%
40SSamantha
72%
15EEvelyn
72%
441EEvelynn
72%
482HHaylee
72%
64HHailey
72%
222KKate
72%
106EElena
72%
397EElle
72%
60EEleanor
71%
62CCaroline
71%
253MMelissa
70%
297DDanielle
70%
188RRebecca
70%
24AAddison
69%
152NNicole
69%
55LLucy
69%
104SSophie
69%
444AAddyson
69%
86AAlexis
69%
323AAnnie
69%
144MMolly
68%
92AAnnabelle
68%
126JJade
67%
47EEllie
67%
415MMadelynn
67%
301MMadeleine
67%
59MMadelyn
67%
56AArianna
67%
46AAriana
67%
26LLillian
67%
315MMadilyn
67%
497MMadilynn
67%
90MMadeline
67%
107KKimberly
67%
384MMegan
67%
364AAlicia
67%
154MMargaret
66%
192MMichelle
66%
16AAvery
66%
449JJazmine
66%
431JJazmin
66%
112JJasmine
66%
388AAverie
66%
220AAngela
65%
295DDiana
65%
334AAmber
65%
41NNora
65%
159NNorah
65%
49CClaire
65%
37AAudrey
65%
366EEmber
65%
254GGabriela
64%
66KKylie
64%
54GGabriella
64%
237KKylee
64%
82BBrianna
64%
416BBriana
64%
382KKyleigh
64%
183DDaisy
63%
96GGianna
63%
150BBrooke
63%
305JJoanna
63%
207SStephanie
63%
357AAda
63%
91FFaith
63%
239KKatelyn
62%
264OOlive
62%
197KKaitlyn
62%
78AAubree
62%
478KKelly
62%
420BBethany
62%
419HHelen
62%
21AAubrey
62%
469AAubrie
62%
316DDaniella
62%
115KKayla
62%
200DDaniela
62%
262JJordan
61%
136JJordyn
61%
205GGabrielle
61%
34PPenelope
61%
485MMelany
61%
76TTaylor
61%
185VVanessa
61%
368VVeronica
61%
50VViolet
61%
80MMelanie
61%
490HHolly
61%
48AAaliyah
61%
164AAngelina
61%
445AAleah
61%
98CClara
61%
163AAliyah
61%
169LLaila
60%
35RRiley
60%
30LLayla
60%
10HHarper
60%
336EErin
60%
198RRyleigh
60%
121RRylee
60%
247LLeila
60%
388RRylie
60%
93AAlyssa
60%
231HHope
60%
459BBrittany
59%
223AAlayna
59%
146MMya
59%
176AAlaina
59%
69MMaya
59%
117AAndrea
59%
230GGeorgia
59%
280JJune
59%
291EElaina
59%
255AAllie
59%
191JJulianna
59%
168JJuliana
59%
463GGiuliana
59%
97QQuinn
58%
129IIvy
58%
226JJuliette
58%
240JJuliet
58%
298JJenna
58%
131JJosephine
58%
219FFiona
58%
364AAdaline
58%
132AAdalyn
58%
336AAddilyn
58%
193AAdelyn
58%
123AAdalynn
58%
275AAdelynn
58%
135AAdeline
58%
224LLola
57%
118NNatalia
57%
111WWillow
57%
83RRuby
57%
151MMckenzie
56%
170BBrooklynn
56%
95VVivian
56%
141IIsla
56%
31BBrooklyn
56%
186AAdriana
56%
292AAdrianna
56%
233VVivienne
56%
210MMakenzie
56%
402ZZara
56%
73MMackenzie
56%
403AApril
56%
251JJosie
55%
199LLila
55%
314LLilah
55%
137AAriel
55%
67AAutumn
55%
171VValerie
55%
352AArielle
55%
88CCora
55%
142LLyla
55%
359KKira
54%
245KKeira
54%
143MMakayla
54%
397KKiara
54%
300NNina
54%
349MMikayla
54%
493KKyra
54%
213AAlexandria
54%
207CCharlie
54%
496MMichaela
54%
282CCharlee
54%
147KKendall
54%
217IIris
54%
406BBaylee
53%
267KKali
53%
425AAngelica
53%
328KKamila
53%
53MMila
53%
108BBailey
53%
486EElsa
53%
196CCallie
53%
374CCamilla
53%
293RRuth
53%
202AAlana
53%
430CCarolina
53%
43CCamila
53%
165GGracie
53%
335MMyla
53%
140PPaige
52%
435JJoy
52%
203EEsther
52%
318AAlexia
51%
396AAnnabella
51%
38SSavannah
51%
22SScarlett
51%
241MMaggie
51%
81LLydia
51%
428FFrancesca
51%
194SSummer
51%
375SScarlet
51%
388CCarly
51%
77NNaomi
51%
232CCali
51%
477MMillie
51%
120MMorgan
50%
435JJillian
50%
498JJamie
50%
79AAurora
49%
307JJada
49%
411SSerena
49%
495JJayda
49%
258JJacqueline
49%
272LLena
49%
174EElise
49%
148MMelody
48%
52SSadie
48%
305CChelsea
48%
320SSelena
48%
116DDelilah
48%
229SSienna
48%
51SStella
48%
246CCamille
47%
311VVera
47%
286PPhoebe
47%
269GGemma
47%
353LLana
47%
72PPeyton
47%
153PPayton
47%
110LLuna
47%
273AAdelaide
46%
61KKaylee
46%
373GGia
46%
326KKayleigh
46%
382CCarmen
46%
270LLilliana
45%
386EElsie
45%
408SSierra
45%
278MMiranda
45%
268MMaci
45%
493TTiffany
45%
413MMacy
45%
127LLiliana
45%
216AAnastasia
45%
418MMacie
45%
225LLucia
45%
189DDestiny
45%
133JJocelyn
45%
194AArabella
44%
161VValeria
44%
379BBianca
44%
385SSkye
44%
257CCassidy
43%
341KKendra
43%
332AAshlyn
43%
172AAlina
43%
465KKassidy
43%
459AAleena
43%
375AAshlynn
43%
160LLondyn
43%
105LLondon
43%
359FFelicity
43%
263PParis
43%
442NNia
42%
128BBrielle
42%
281HHarley
42%
181CCecilia
42%
45PPaisley
42%
122SSydney
42%
320PPaislee
42%
480LLacey
42%
63HHazel
42%
345NNadia
42%
209TTessa
42%
70NNevaeh
41%
57KKennedy
41%
68PPiper
41%
387KKennedi
41%
308LLexi
41%
259BBrynn
41%
296MMariana
41%
343HHeidi
41%
42SSkylar
40%
285SSkyler
40%
355SSabrina
40%
423BBlake
40%
283LLucille
40%
351HHeaven
39%
242DDakota
39%
480WWilla
39%
330HHaven
39%
156EEden
39%
261EEvangeline
39%
114VValentina
39%
138EEverly
38%
184HHarmony
38%
265AAyla
38%
456JJimena
38%
472RRyan
38%
125XXimena
38%
248MMckenna
38%
99RReagan
38%
344KKelsey
38%
401AAriella
38%
286MMakenna
38%
271RRaegan
38%
357GGracelyn
38%
391GGracelynn
38%
266RRosalie
37%
371LLeslie
37%
393EEmersyn
37%
417FFreya
37%
255EEloise
37%
302EElliana
37%
180EEmerson
37%
103EEliana
37%
283TTalia
36%
182GGenevieve
36%
250NNoelle
36%
404GGwendolyn
36%
356KKyla
36%
381AAmira
36%
157AAthena
36%
461AAmara
36%
484SSylvia
35%
190HHayden
35%
212AAmaya
35%
226PParker
35%
130TTrinity
35%
491AAisha
34%
134EEmery
34%
427VViviana
34%
173RReese
34%
102HHadley
34%
499CCeleste
34%
362BBriella
34%
378DDaphne
34%
71SSerenity
34%
303AAmina
34%
412DDahlia
34%
238JJayla
34%
311FFatima
34%
483JJaylah
34%
433MMaliyah
33%
313MMalia
33%
294MMiriam
33%
341CCadence
33%
347KKaydence
33%
276KKenzie
33%
453MMarlee
33%
218MMarley
33%
488HHattie
32%
347CCheyenne
32%
369EEsmeralda
32%
391MMallory
32%
397DDylan
32%
426MMarilyn
32%
65GGenesis
31%
221GGiselle
31%
406BBrinley
31%
461KKarina
31%
244BBrynlee
31%
463TThea
30%
339AAinsley
30%
443ZZuri
30%
274JJourney
30%
324NNyla
30%
377JJournee
30%
393LLogan
30%
187PPresley
30%
325CCatalina
30%
437NNylah
30%
215NNova
30%
429JJuniper
29%
349RRiver
29%
395CCamryn
29%
228TTeagan
29%
362KKamryn
29%
469JJanelle
29%
405AAnaya
29%
249AAniyah
29%
475AAmari
29%
409AAnnalisa
29%
457EEmmalyn
29%
113KKinsley
29%
468LLuciana
29%
354BBlakely
29%
489RRaven
29%
422HHarlow
29%
379MMckinley
28%
446KKaia
28%
451JJustice
28%
372AAspen
28%
331RRowan
28%
204FFinley
28%
346AAlondra
28%
370SSage
28%
340RRaelyn
27%
234KKinley
27%
299SShelby
27%
177RRaelynn
27%
448LLorelei
27%
243DDelaney
27%
289LLyric
26%
260SSawyer
26%
178LLeilani
25%
400YYaretzi
25%
447BBristol
25%
453PPhoenix
25%
449MMaeve
25%
465BBraelynn
24%
492IItzel
24%
472LLeighton
24%
467BBraelyn
24%
326SSloane
23%
414MMiracle
23%
437MMalaysia
22%
410TTatum
22%
472BBrylee
22%
500RRemi
22%
367AAylin
22%
236DDaleyza
21%
423JJayleen
20%
434CCataleya
19%
440SSarai
19%
304AAmiyah
18%
478SSelah
17%
457NNayeli
16%

Score Distribution

Percentile by Number Answered

Percent of People with Each Score

Your Score History

You have not taken this quiz